|
|
|
|
| LEADER |
00000cam a2200000 7i4500 |
| 001 |
0000002350 |
| 005 |
20030529.0 |
| 090 |
0 |
0 |
|a 624.15136
|b ELS 1965
|
| 245 |
0 |
0 |
|a ELSEVIER'S dictionary of soil mechanics in four languages: English/American, French, Dutch, and German
|c compiled and arranged on an English alphabetical base by A.D. Visser
|
| 260 |
0 |
0 |
|a Amsterdam, New York :
|b Elsevier Pub. ,
|c 1965
|
| 300 |
|
|
|a 359 p. ;
|c 23 cm.
|
| 650 |
0 |
0 |
|a Dictionaries, Polyglot
|
| 650 |
0 |
0 |
|a Soil mechanics
|x Dictionaries
|x Polyglot
|
| 700 |
0 |
1 |
|a Visser
|h A. D.
|
| 998 |
|
|
|a JPSM
|
| 999 |
|
|
|a 0000004170
|b Monograph
|c Open Shelf
|e Default branch
|